000 00672nam a2200277Ia 4500
005 20260324142924.0
008 008 260324s9999 xx 000 0 eng d
020 _a9781003069089
037 _aEBOOK
040 _aCRL
040 _beng
040 _cCRL
041 _2eng
041 _aeng
084 _qCRL
100 _aIvan G. Draganic; Jean-Pierre Adloff
_91213734
245 0 _aRadiation and Radioactivity on Earth and Beyond
260 _bTaylor and Francis
260 _c1993
365 _a
365 _b355
856 _uhttp://www.taylorfrancis.com/books/9781003069089
942 _cEBOOK
999 _c1818508
_d1818508